000 00456nam a2200181Ia 4500
008 100920s9999 xx 000 0 und d
082 _b5481
_a6 थ 54
100 _aGard Roger Martin du.
245 _aTHE POSTMAN.
260 _bANDRE DEUTSCH, LONDON.
_c1954
300 _a156
_bसाधी
365 _b0
520 _aई.एल. एफ.
630 _aTHE POSTMAN.
650 _aई.एल. एफ.
730 _aTHE POSTMAN.
942 _cBOOK
999 _c674434
_d674431